Quick Pick: 'F' Athletes Quiz Stats

Quiz Updated Jun 5, 2017

Challenge
Share
Tweet
Embed
Score 0/10 Timer 01:00
5 Plays Today
% Correct
Brett Favre
90.9%
Larry Fitzgerald
81.2%
Walt Frazier
78.4%
Sergei Fedorov
78.3%
Dan Fouts
75.4%
Rollie Fingers
71.8%
Whitey Ford
71.6%
Bob Feller
62.7%
Nellie Fox
54.2%
Fern Flaman
53%

Today's Daily Dose

Missing Word
Fruity Song Titles

Quick Pick
Double Blanks

On This Day
June 22nd II

You're not logged in!

Compare scores with friends on all Sporcle quizzes.
Join for Free
OR
Log In

You Might Also Like...

Show Comments

Extras

Top Quizzes Today


Score Distribution

Your Account Isn't Verified!

In order to create a playlist on Sporcle, you need to verify the email address you used during registration. Go to your Sporcle Settings to finish the process.

Report this User

Report this user for behavior that violates our Community Guidelines.

Details: